000 00766nab a2200241 4500
003 BR-BrBNA
005 20241209225903.0
008 241209b bl.||||| |||| 00| 0 por d
040 _aBR-BrBNA
_bpor
072 _aF06; U10 ; P10
_b4630
100 _aGiacóia Neto, José
245 _aProgramando controladores para irrigação
500 _a3 illus.
520 _aCONTROLADOR DE IRRIGAÇÃO
650 _aSISTEMA DE IRRIGAÇÃO
650 _aEQUIPAMENTO DE IRRIGAÇÃO
650 _aMICROCOMPUTADOR
650 _aPROGRAMA DE COMPUTADOR
650 _aMANEJO DE ÁGUA
773 0 _04820
_9344688
_dVotuporanga/SP IRRIGAZINE 2009
_o2024-5020
_tIrrigazine (Brazil)
_gv. 9(33) p.22-24; (Aug 2013)
_wBR2024003890
942 _cANA
999 _c329128
_d329128